00199nam a2200085Ia 4500008004100000100001600041245002200057260002500079260000900104170620s9999 xx 000 0 und d aAvtar Singh 0aLaw of Patnership bEastern Book Company c1993